| 000 | 00926cam a2200253 a 4500 | ||
|---|---|---|---|
| 001 | 12554674 | ||
| 003 | ARRUPE | ||
| 005 | 20140408142529.0 | ||
| 008 | 011003r20021987ilu 000 0 eng | ||
| 010 | _a 2001051596 | ||
| 020 | _a0830823387 (alk. paper) | ||
| 040 |
_aDLC _cDLC _dDLC |
||
| 050 | 0 | 0 |
_aBT1103 _b.K73 2002 |
| 082 | 0 | 0 |
_a239 _221 |
| 100 | 1 |
_aKreeft, Peter. _99841 |
|
| 245 | 1 | 0 |
_aSocrates meets Jesus : _bhistory's great questioner confronts the claims of Christ / _cPeter Kreeft. |
| 260 |
_aDowners Grove, Ill. : _bInterVarsity Press, _cc2002. |
||
| 300 |
_a182 p. ; _c21 cm. |
||
| 500 | _aOriginally published: Downers Grove, IL : InterVarsity Press, c1987. With new introd. | ||
| 650 | 0 |
_aApologetics. _99842 |
|
| 906 |
_a7 _bcbc _corignew _d1 _eocip _f20 _gy-gencatlg |
||
| 942 |
_2lcc _cMONOGRAPH |
||
| 999 |
_c120400 _d120400 |
||